Central Library OPAC University of Rajshahi

The Jew of Malta / (Record no. 86273)

MARC details
000 -LEADER
fixed length control field 00872nam a2200289 a 4500
001 - CONTROL NUMBER
control field 86273
003 - CONTROL NUMBER IDENTIFIER
rucl marc code BD-RjUL
005 - DATE AND TIME OF LATEST TRANSACTION
control field 20260331122629.0
008 - FIXED-LENGTH DATA ELEMENTS--GENERAL INFORMATION
fixed length control field 260331s2021 nyu 000 0 eng
020 ## - INTERNATIONAL STANDARD BOOK NUMBER
International Standard Book Number 9780393643350
035 ## - SYSTEM CONTROL NUMBER
System control number (BD-RjUL)86273
040 ## - CATALOGING SOURCE
Original cataloging agency DLC
Transcribing agency DLC
Modifying agency DLC
-- BD-RjUL
Language of cataloging eng
041 ## - LANGUAGE CODE
Language code of text/sound track or separate title eng
082 00 - DEWEY DECIMAL CLASSIFICATION NUMBER
Edition number 23
Classification number 822.3
Author mark and year MAJ 2021
100 1# - MAIN ENTRY--PERSONAL NAME
Personal name Marlowe, Christopher,
Dates associated with a name 1564-1593.
245 14 - TITLE STATEMENT
Title The Jew of Malta /
Statement of responsibility, etc. Christopher Marlowe ; edited by Lloyd Edward Kermode
250 ## - EDITION STATEMENT
Edition statement Critical ed.
260 ## - PUBLICATION, DISTRIBUTION, ETC. (IMPRINT)
Place of publication, distribution, etc. New York :
Name of publisher, distributor, etc. W W Norton & Co Inc.,
Date of publication, distribution, etc. c2021.
300 ## - PHYSICAL DESCRIPTION
Pagination xvii, 552 p. ;
Size 21 cm.
336 ## - CONTENT TYPE
Content type term text
Content type code txt
Source rdacontent
337 ## - MEDIA TYPE
Media type term unmediated
Media type code n
Source rdamedia
338 ## - CARRIER TYPE
Carrier type term volume
Carrier type code nc
Source rdacarrier
650 #0 - SUBJECT ADDED ENTRY--TOPICAL TERM
Topical term or geographic name as entry element Jews
Form subdivision Drama.
9 (RLIN) 17922
651 #0 - SUBJECT ADDED ENTRY--GEOGRAPHIC NAME
Geographic name Malta
Form subdivision Drama.
9 (RLIN) 17923
700 ## - ADDED ENTRY--PERSONAL NAME
Personal name Kermode, Lloyd Edward (Editor)
942 ## - ADDED ENTRY ELEMENTS (KOHA)
Source of classification or shelving scheme Dewey Decimal Classification
Koha item type Books
Holdings
Lost status Source of classification or shelving scheme Damaged status Not for loan Collection code Permanent Location Current Location Shelving location Date acquired Source of acquisition Cost, normal purchase price Total Checkouts Full call number Date last seen Copy number Koha item type
  Dewey Decimal Classification   Not For Loan Fiction Central Library, University of Rajshahi Central Library, University of Rajshahi Reading Room 30/03/2026 Omni Concept, Dhaka 2309.00   822.3 MAJ 2021 31/03/2026 C-1 Books
  Dewey Decimal Classification     Fiction Central Library, University of Rajshahi Central Library, University of Rajshahi General Stacks 30/03/2026 Omni Concept, Dhaka 2309.00   822.3 MAJ 2021 31/03/2026 C-2 Books
  Dewey Decimal Classification     Fiction Central Library, University of Rajshahi Central Library, University of Rajshahi General Stacks 30/03/2026 Omni Concept, Dhaka 2309.00   822.3 MAJ 2021 31/03/2026 C-3 Books